The beautiful verses : (Record no. 135529)

MARC details
000 -LEADER
fixed length control field 00818nam a22002177a 4500
005 - DATE AND TIME OF LATEST TRANSACTION
control field 20170124110246.0
010 ## - LIBRARY OF CONGRESS CONTROL NUMBER
LC control number A-903182
020 ## - INTERNATIONAL STANDARD BOOK NUMBER
Terms of availability 150.00
035 ## - SYSTEM CONTROL NUMBER
System control number A-903182
037 ## - SOURCE OF ACQUISITION
Source of stock number/acquisition Cen Lib/Ret
040 ## - CATALOGING SOURCE
Original cataloging agency DPL
Language of cataloging EN
082 ## - DEWEY DECIMAL CLASSIFICATION NUMBER
Classification number 881
Item number SHA
100 ## - MAIN ENTRY--PERSONAL NAME
Personal name Sharma, R.K.
9 (RLIN) 97562
245 ## - TITLE STATEMENT
Title The beautiful verses :
Remainder of title Ram-charit-manas : Sundar-Kand ; & Hanuman Chalisa of Goswami Tulsidas /
Statement of responsibility, etc by R.K.Sharma
260 ## - PUBLICATION, DISTRIBUTION, ETC. (IMPRINT)
Place of publication, distribution, etc Mumbai
Name of publisher, distributor, etc S.Ramakrishnan Executive Secretary
Date of publication, distribution, etc 1997
270 ## - ADDRESS
Address Bharatiya Vidya Bhavan, Kulpati Munshi Marg
City Mumbai
Postal code 400007
300 ## - PHYSICAL DESCRIPTION
Extent xxii,167p.
Dimensions 20cm(Hb)
650 ## - SUBJECT ADDED ENTRY--TOPICAL TERM
Topical term or geographic name as entry element Tulsidas -- Versification.
9 (RLIN) 97563
650 ## - SUBJECT ADDED ENTRY--TOPICAL TERM
Topical term or geographic name as entry element Tulasīdāsa, 1532-1623
9 (RLIN) 97564
942 ## - ADDED ENTRY ELEMENTS (KOHA)
Source of classification or shelving scheme Dewey Decimal Classification
Koha item type English Books
Classification part 881
Call number suffix SHA
Holdings
Withdrawn status Lost status Damaged status Not for loan Home library Current library Date acquired Source of acquisition Cost, normal purchase price Total Checkouts Full call number Barcode Date last seen Copy number Cost, replacement price Price effective from Koha item type
        Central Library Central Library 07/10/2015 Cen Lib/Ret 150.00   881 SHA A-903182 07/10/2015 1 150.00 07/10/2015 English Books

© Delhi Public Library
Hit Counter
free hit counter